Les 1O pays les plus médaillés aux Jeux Olympiques. - Statistiques

Statistiques générales
  • Ce quiz a été pris 109 fois
  • Le résultat moyen est 9 sur 10
Statistiques - réponses
RANG PAYS % Correct
1 Etats Unis
100%
5 France
100%
7 Chine
98%
4 Grande Bretagne
92%
3 Allemagne
91%
9 Japon
91%
10 Australie
90%
2 Russie
90%
6 Italie
86%
8 Suède
46%
Aucun quiz correspondant
Distribution des résultats
% des personnes avec chaque résultat
Percentile par nombre de réponses
Votre historique - résultats
Vous n’avez pas pris ce quiz